BUBT Library Online Catalog

অপুর সংসার সমগ্র / (Record no. 5986)

000 -LEADER
fixed length control field 00836nam a22001937a 4500
003 - CONTROL NUMBER IDENTIFIER
control field BUBTL
008 - FIXED-LENGTH DATA ELEMENTS--GENERAL INFORMATION
fixed length control field 190423b xxu||||| |||| 00| 0 eng d
020 ## - INTERNATIONAL STANDARD BOOK NUMBER
International Standard Book Number 81-7293-966-3
082 ## - DEWEY DECIMAL CLASSIFICATION NUMBER
Classification number 891.443 / BOA
100 ## - MAIN ENTRY--PERSONAL NAME
9 (RLIN) 2287
Personal name বন্দোপাধ্যায়, বিভূতিভূষন
245 ## - TITLE STATEMENT
Title অপুর সংসার সমগ্র /
Statement of responsibility, etc. বিভূতিভূষন বন্দোপাধ্যায়
260 ## - PUBLICATION, DISTRIBUTION, ETC. (IMPRINT)
Place of publication, distribution, etc. কলকাতা :
Name of publisher, distributor, etc. মিত্র ও ঘোষ পাবলিশার্স প্রাঃ লিঃ,
Date of publication, distribution, etc. c2016
300 ## - PHYSICAL DESCRIPTION
Extent 712 p. :
Dimensions 24 cm.
650 #0 - SUBJECT ADDED ENTRY--TOPICAL TERM
9 (RLIN) 1689
Topical term or geographic name as entry element বাংলা সাহিত্য
700 ## - ADDED ENTRY--PERSONAL NAME
9 (RLIN) 2288
Personal name বন্দোপাধ্যায়, তারাদাস
856 ## - ELECTRONIC LOCATION AND ACCESS
Password 0
Logon 0
Link text Download
942 ## - ADDED ENTRY ELEMENTS (KOHA)
Source of classification or shelving scheme
Koha item type Books
Holdings
Withdrawn status Lost status Source of classification or shelving scheme Damaged status Not for loan Collection code Permanent location Current location Shelving location Date acquired Inventory number Total Checkouts Total Renewals Full call number Barcode Date last seen Date last checked out Copy number Price effective from Koha item type
          Fiction Bangladesh University of Business and Technology Library Bangladesh University of Business and Technology Library Fiction 10/23/2016 22690 2 1 891.443 / BOA BUBTL-200322690 11/13/2019 11/04/2019 C-1 04/23/2019 Books
          Fiction Bangladesh University of Business and Technology Library Bangladesh University of Business and Technology Library Fiction 10/23/2016 22689 1   891.443 / BOA BUBTL-200322689 03/01/2020 02/19/2020 C-2 12/02/2019 Books

More Information About Library

Library Hours

  • Open: 9.00 am. to 9.00 pm.
  • Only Sunday: 9.00 am. to 6.00 pm.
  • Closed: Holiday

Contact to the University

Bangladesh University of Business and Technology Library

  • Mirpurl-2, 1216.
  • Phone:
  • Fax:
  • E-Mail: admin.library@bubt.edu.bd

Contact to the Library

Contact Person:

Md. Abdul Hakim Shah
Joint Librarian
PABX No:  113
Cell No: 01816332931
E-mail: official: admin.library@bubt.edu.bd
Personal: hakim.shah@bubt.edu.bd


BUBT Library

Copyright © 2021